00407nam a2200157Ia 4500003000400000008004100004040001600045082001700061100001700078245004800095700002200143260004200165300001100207650001300218650001800231GCL140319s9999 xx 000 0 eng d aGCL / cGCL04a751.422bW W1 aWAGNER, JUDI10aTHE WATERCOLOR FIX IT BOOK / cWAGNER, JUDI1 aVAN HASSELT, TONY a[S.N] : bNORTH LIGHT BOOKS ، c1992 a132 PP04aPAINTING04aWATER COLOURS